[Event "XX Sants Open 2018"]
[Site "Cotxeres de Sants"]
[Date "2018.08.17"]
[Round "1"]
[White "Demchenko, Anton"]
[Black "Del Amo Carbo, Jordi"]
[Result "1-0"]
[WhiteElo "2670"]
[BlackElo "2153"]
[Annotator "TA"]
[PlyCount "69"]
[EventDate "2018.08.17"]
[EventType "swiss"]
[EventCountry "ESP"]
[SourceTitle "playchess.com"]
[Source "ChessBase"]
[SourceQuality "1"]

{[%evp 11,69,20,24,0,-2,-29,11,12,30,19,29,18,40,42,46,38,46,29,43,25,29,24,37,40,37,37,31,0,10,17,20,18,79,76,158,144,175,166,154,127,257,239,239,211,321,297,504,487,450,464,480,484,464,470,448,435,29981,29982,29972,4960]} 1. e4 e5 2. Nf3 Nc6 3. Bc4 Nf6 4. d3 Bc5 5. Bg5 h6 6. Bh4 Be7 {LiveBook: 11 Partien. C50: Italienische Partie} 7. Nbd2 d6 8. a3 $146 ({Vorgänger:} 8. a4 a5 9. c3 O-O 10. Bg3 g6 11. Nf1 Nh5 12. Ne3 Kg7 13. Nd5 Bg5 14. h3 {0-1 (101) Demchenko,A (2660)-Leko,P (2691) Riadh 2017}) 8... O-O {Schwarz hat minimalen Vorteil.} 9. Bg3 Re8 10. O-O Bf8 11. Re1 Be6 12. Bxe6 Rxe6 13. b4 a6 14. c3 d5 15. Qb3 dxe4 16. dxe4 Nh5 17. Nc4 {[%cal Rc4e5]} Nxg3 18. hxg3 Qe8 19. Rad1 b5 20. Ne3 Ne7 21. c4 {[%cal Bc3c4,Bc4c5][%mdl 32]} c6 (21... a5 $11) 22. c5 $36 {[%mdl 2048] Schwarz steht unter starkem Druck.} g6 (22... a5 $142) 23. Rd3 Kh7 {[#]} 24. g4 $1 {[%cal Bg3g4,Bg4g5][%mdl 32]} Ng8 25. g5 Rd8 (25... f6 $16 26. gxh6 Nxh6) 26. Rxd8 $18 Qxd8 27. Rd1 Qc8 (27... Qe8 $142 28. g4 Bg7) 28. Ng4 Bg7 $2 {[#]} (28... Qe8 29. gxh6 f6) 29. gxh6 Bxh6 30. Ngxe5 Qe8 31. Rd7 Re7 32. Rxe7 Qxe7 33. Nxc6 Qxe4 (33... Qe8 $18 34. Nce5 Kg7) 34. Qxf7+ Kh8 35. Nce5 {Precision: Weiß = 62%, Schwarz = 26%.} 1-0

[Event "XX Sants Open 2018"]
[Site "Cotxeres de Sants"]
[Date "2018.08.17"]
[Round "1"]
[White "Nisipeanu, Liviu-Dieter"]
[Black "Kueppers, Timo"]
[Result "1-0"]
[WhiteElo "2657"]
[BlackElo "2151"]
[Annotator "TA"]
[PlyCount "53"]
[EventDate "2018.08.17"]
[EventType "swiss"]
[EventCountry "ESP"]
[SourceTitle "playchess.com"]
[Source "ChessBase"]
[SourceQuality "1"]

{[%evp 16,53,2,0,18,21,34,36,27,23,41,30,39,45,43,43,64,62,66,64,88,90,144,120,133,119,781,780,629,390,1231,1140,1712,1719,1680,1675,1532,1506,29985,29986]} 1. d4 Nf6 2. Bf4 c5 3. e3 d5 4. c3 Nc6 5. Nd2 e6 6. Ngf3 Bd6 7. Bg3 O-O 8. Bb5 {D02: Damenbauernspiele} a6 9. Bd3 {LiveBook: 5 Partien} b5 $146 ({Vorgänger:} 9... b6 10. e4 Be7 11. dxc5 bxc5 12. O-O Nh5 13. Ne5 Nxe5 14. Bxe5 g6 15. Re1 Bf6 16. exd5 exd5 {1-0 (61) Grischuk,A (2774)-Karjakin,S (2762) Berlin 2015}) 10. e4 {[%cal Be3e4,Be4e5][%mdl 32] Die Stellung ist ausgeglichen.} Be7 11. e5 Nd7 12. h4 $1 {Und Lxh7+! würde nun gewinnen.} h6 13. Bb1 Re8 14. dxc5 Bxc5 ({Doch nicht} 14... Nxc5 $6 15. Qc2 $18) 15. Nb3 Be7 16. Nbd4 Bb7 ({Ein No Go ist} 16... Nxd4 $6 17. Nxd4 b4 18. Nc6 $15) 17. a3 Qb6 18. Bf4 a5 (18... Nxd4 $142 19. Nxd4 Bc5) 19. Rh3 $40 {[%mdl 128] Weiss riecht Blut.} Nxd4 20. Nxd4 {Und weiter mit Dh5 wäre nett.} Nf8 $2 {[%mdl 8192] [#]} (20... f5 $16) 21. Bxh6 $1 $18 {[%mdl 512]} Ng6 (21... gxh6 22. Rg3+) 22. Qg4 {Schwarz muss nun Lxg7! beachten.} b4 $2 (22... Bf8 23. Bxg6 fxg6 24. Qxg6 Qc7) 23. Bxg6 fxg6 {[#]} 24. Bxg7 $1 {[%mdl 512]} Kxg7 25. Rg3 g5 26. Nxe6+ Kg8 27. Qf5 {Precision: Weiß = 93%, Schwarz = 23%.} 1-0

[Event "XX Sants Open 2018"]
[Site "Cotxeres de Sants"]
[Date "2018.08.17"]
[Round "1"]
[White "Porta Tovar, Oriol"]
[Black "Swiercz, Dariusz"]
[Result "0-1"]
[WhiteElo "2151"]
[BlackElo "2669"]
[Annotator "TA"]
[PlyCount "104"]
[EventDate "2018.08.17"]
[EventType "swiss"]
[EventCountry "ESP"]
[SourceTitle "playchess.com"]
[Source "ChessBase"]
[SourceQuality "1"]

{[%evp 20,104,23,4,16,11,29,8,18,0,12,9,19,0,0,0,0,-3,0,-31,-33,-23,-31,-112,-112,-107,-101,-105,-104,-127,-103,-140,-155,-164,-149,-160,-164,-177,-166,-248,-255,-336,-333,-312,-214,-210,-200,-199,-186,-205,-195,-218,-216,-223,-224,-268,-275,-278,-263,-639,-639,-614,-633,-622,-627,-614,-605,-583,-578,-740,-733,-873,-852,-953,-953,-1194,-1150,-1091,-921,-1019,-1245,-1229,-1221,-1195,-1147,-1485,-852]} 1. e4 c6 2. Nc3 d5 3. Nf3 Bg4 4. h3 Bxf3 5. Qxf3 e6 6. g3 g6 7. Bg2 Bg7 8. O-O Ne7 {B11: Caro-Kann: Two Knights Variation} 9. Qe2 O-O 10. d3 Nd7 11. f4 {LiveBook: 4 Games} Qb6+ 12. Kh2 Rae8 13. Nd1 Qa6 $146 ({Predecessor:} 13... f5 14. e5 {½-½ (30) Eslon,J (2440)-Garcia Palermo,C (2455) Benasque 1993}) 14. Qf3 c5 {[%cal Bc6c5,Bc5c4][%mdl 32]} 15. Ne3 {[%cal Re4d5]} d4 16. Nc4 b5 17. Nd2 c4 18. e5 Rc8 19. Qb7 Qxb7 20. Bxb7 Rc7 21. Ba6 {[#]} ({Better is} 21. Be4 $15) 21... cxd3 $1 $17 22. cxd3 Rb8 $36 {[%mdl 2048] Black has strong initiative.} 23. a4 bxa4 24. Bc4 Nc5 25. Nf3 Nc6 {[%cal Be7c6,Bc6a5,Ba5c4][%mdl 32]} 26. g4 Rd7 27. Kg3 Bf8 28. Rd1 Na5 29. Nd2 (29. Ba2 $142) 29... Nxc4 $19 30. Nxc4 Rb3 31. Ra3 Ne4+ 32. Kf3 {aiming for Rxb3.} Bxa3 33. Kxe4 Bb4 34. Rf1 Be7 35. f5 {[#]} a3 $1 36. bxa3 Rb1 {White must now prevent ...Bg5!} 37. f6 Bf8 38. Nd2 Ra1 39. Bb2 $2 (39. Nb3 Ra2 40. Nxd4) 39... Rxf1 {Black is clearly winning.} 40. Nxf1 {[%mdl 4096] Endgame KRB-KBN} Rb7 41. Bxd4 Bxa3 42. Nd2 a5 {[%cal Ba7a5,Ba5a4,Ba4a3,Ba3a2][%mdl 32]} 43. Nc4 Bb4 44. Bb2 a4 45. d4 Bf8 46. Bc3 Rb3 47. Ba1 Rb1 48. Bc3 a3 49. d5 exd5+ 50. Kxd5 Rd1+ 51. Ke4 a2 52. e6 fxe6 {Precision: White = 25%, Black = 77%.} 0-1

[Event "XX Sants Open 2018"]
[Site "Cotxeres de Sants"]
[Date "2018.08.17"]
[Round "1"]
[White "Gonzalez Santamartina, Jorge"]
[Black "Gledura, Benjamin"]
[Result "0-1"]
[WhiteElo "2146"]
[BlackElo "2626"]
[Annotator "TA"]
[PlyCount "90"]
[EventDate "2018.08.17"]
[EventType "swiss"]
[EventCountry "ESP"]
[SourceTitle "playchess.com"]
[Source "ChessBase"]
[SourceQuality "1"]

{[%evp 21,90,-15,-4,-43,-36,-35,0,-12,-12,-3,-3,-52,-65,-147,8,0,13,9,24,0,0,-18,-18,-18,-11,-12,0,-5,-4,-7,-6,-7,-6,-14,-6,-14,0,0,2,0,0,-1,-1,-8,-8,-24,-8,-24,-24,-24,-24,-131,-121,-135,-64,-123,-119,-118,-121,-164,-158,-167,-138,-132,-129,-572,-582,-510,-508,-2242,-2242]} 1. e4 c5 2. Nf3 Nc6 3. d4 cxd4 4. Nxd4 e6 5. Nc3 Qc7 6. Be3 a6 7. Be2 b5 {[%cal Bb7b5,Bb5b4,Bb4c3,Bc3b2][%mdl 32]} 8. a3 Bb7 9. O-O Nf6 10. f4 Bc5 11. Qd3 {B49: Sicilian: Taimanov: 5 Nc3 Qc7 6 Be3 a6 7 Be2} b4 {LiveBook: 7 Games} (11... Nxd4 {keeps more tension.} 12. Bxd4 d5 13. e5 Ne4 14. a4 b4) 12. e5 (12. Na4 {feels hotter.} Nxd4 13. Nxc5 Nxe2+ 14. Qxe2 bxa3 15. Rxa3 Nxe4 16. Nxe4 Bxe4 17. Rc3) 12... Nxd4 (12... bxc3 13. exf6 cxb2 14. Rab1 $17) (12... bxc3 13. exf6 cxb2 14. fxg7 Rg8 15. Rab1 Rxg7 16. Nf3 Ne7 17. Rxb2 Nf5 18. Bxc5 Qxc5+ {½-½ (40) Nozdrachev,V (2478)-Iljiushenok,I (2517) Samara 2017}) 13. Bxd4 {Black is slightly better.} bxc3 14. exf6 cxb2 15. fxg7 Rg8 16. Rad1 Rxg7 17. Rf2 $146 {[#]} (17. g3 $1 $15) ({Predecessor:} 17. Bf3 Bxf3 18. Rxf3 Bxd4+ 19. Qxd4 {0-1 (26) De Rosa,M (2073)-Sirkova,D (2094) Plovdiv 2010}) 17... f6 $2 ({Black should try} 17... Rxg2+ $1 $17 {[%mdl 512]} 18. Rxg2 Bxd4+ 19. Qxd4 Bxg2 20. Kxg2 Rb8 21. Qh8+ Ke7 22. Qxh7 Qb7+ 23. Kh3 b1=Q 24. Qh4+ f6 25. Qh7+ Kd8 26. Rxb1 Qxb1 27. Qh8+ Kc7 28. Qxf6 Qg1 29. Qc3+ Kb7 30. Qb2+ Ka7) 18. Qc3 $11 Rc8 {[%cal Ba8c8,Bc8c5,Bc5a5][%mdl 32] Hoping for ...Qb6.} 19. Qxb2 {Strongly threatening Bxc5.} Bxd4 20. Qxd4 Qc5 21. Qxc5 Rxc5 22. Rb1 Be4 23. Bxa6 Ra5 24. Bd3 Bxd3 25. cxd3 Rxa3 {[%mdl 4096] Endgame KRR-KRR} 26. Rd2 Ra4 27. d4 Ke7 28. Kf2 Rg8 29. Rb5 Kd6 30. Rh5 Rg7 31. Rh6 f5 32. g3 Kd5 33. Ke3 Ra1 34. Rh5 Re1+ 35. Kd3 Re4 36. Kc3 (36. Ra2 $11 {keeps the balance.}) 36... d6 $17 37. Rh6 {[#]} Rc7+ (37... Re7 $1 $17 38. Rd3 Ra7) 38. Kb2 (38. Kd3 $1 $15) 38... Re3 (38... Rxd4 $6 39. Rxd4+ Kxd4 40. Rxe6 $11) 39. Rf6 Rec3 40. Re2 R3c4 ({And not} 40... Kxd4 41. Rfxe6 Rb7+ 42. Ka2 $11) 41. Re3 ({Don't blunder} 41. Rfxe6 $2 Rb7+ 42. Ka3 Rc6 $19) 41... Rb4+ ({Resist} 41... Kxd4 42. Rexe6 Rb7+ 43. Ka3 $15) 42. Rb3 Rxd4 43. Rb5+ $2 {[%mdl 8192]} (43. Rc3 $17 {is tougher.} Rb7+ 44. Kc1) 43... Kc4 $19 {Black is clearly winning.} 44. Rb6 {[#]} Rd2+ $1 45. Kc1 (45. Ka1 $142 Kc3 46. Ra6) 45... Kd3+ {Precision: White = 30%, Black = 60%.} 0-1

[Event "XX Sants Open 2018"]
[Site "Cotxeres de Sants"]
[Date "2018.08.17"]
[Round "1"]
[White "Lacasta Palacio, Joaquim"]
[Black "Keymer, Vincent"]
[Result "0-1"]
[WhiteElo "2102"]
[BlackElo "2493"]
[PlyCount "76"]
[EventDate "2018.08.17"]
[EventType "swiss"]
[EventCountry "ESP"]

1. g3 d5 2. Bg2 Nf6 3. f4 Nc6 4. Nf3 Qd6 5. d4 Bf5 6. c3 e6 7. b3 Qd7 8. O-O Ne4 9. e3 h5 10. Qe1 O-O-O 11. Ba3 Bxa3 12. Nxa3 Qe7 13. Nb1 Kb8 14. b4 Rdg8 15. a4 g5 16. fxg5 Nxg5 17. Nbd2 Bd3 18. Rf2 h4 19. Nxh4 Nh3+ 20. Kh1 Nxf2+ 21. Qxf2 f5 22. a5 a6 23. Bf1 Bxf1 24. Rxf1 Rg4 25. Ndf3 Qd6 26. Qe2 Kc8 27. Ra1 Nd8 28. Ne5 Rg7 29. b5 Nf7 30. Nhg6 Rh6 31. Nxf7 Rxf7 32. Nf4 Rfh7 33. h4 e5 34. dxe5 Qxe5 35. Rd1 Rxh4+ 36. gxh4 Rxh4+ 37. Kg1 Rxf4 38. bxa6 Qg7+ 0-1

[Event "XX Sants Open 2018"]
[Site "Cotxeres de Sants"]
[Date "2018.08.18"]
[Round "2"]
[White "Swiercz, Dariusz"]
[Black "Napoli, Nicolo"]
[Result "1/2-1/2"]
[WhiteElo "2669"]
[BlackElo "2295"]
[Annotator "TA"]
[PlyCount "44"]
[EventDate "2018.08.17"]
[EventType "swiss"]
[EventCountry "ESP"]
[SourceTitle "playchess.com"]
[Source "ChessBase"]
[SourceQuality "1"]

{[%evp 24,44,34,32,53,39,41,40,59,36,49,14,44,50,47,29,18,25,37,0,0,0,0]} 1. d4 Nf6 2. Nf3 e6 3. c4 Bb4+ 4. Nbd2 b6 5. a3 Bxd2+ 6. Qxd2 O-O 7. e3 Bb7 8. Be2 d6 9. O-O Nbd7 10. b4 Qe7 11. Bb2 Ne4 12. Qc2 f5 13. Rad1 {LiveBook: 25 Partien. E14: Damenindisch (Zentralsystem)} (13. d5 c5 14. dxc6 Bxc6 15. Nd4 Bb7 16. f3 Nef6 17. Rfd1 a6 18. a4 Rfc8 19. Qd2 Ne5 20. Rac1 Nf7 {1-0 (49) Ding,L (2777)-Liu,Y (2413) China 2016}) 13... Ng5 {[#]} 14. d5 $146 {Droht Sd4 und aus.} ({Vorgänger:} 14. Nxg5 Qxg5 15. d5 Qg6 16. f4 Nf6 17. Rf3 Rae8 18. Rg3 Qf7 19. Bd3 Nh5 20. Rg5 g6 {1-0 (53) Vorobiov,E (2585)-Westerberg,J (2410) Pardubice 2013}) 14... Nxf3+ 15. Bxf3 {Weiß steht etwas besser.} e5 16. Rc1 Qg5 17. Qa4 Rf7 18. Be2 a5 19. Qb3 f4 20. exf4 exf4 21. Rce1 axb4 22. axb4 b5 {Precision: Weiß = 26%, Schwarz = 53%.} 1/2-1/2

[Event "XX Sants Open 2018"]
[Site "Cotxeres de Sants"]
[Date "2018.08.18"]
[Round "2"]
[White "Gledura, Benjamin"]
[Black "Flick, Antoine"]
[Result "1-0"]
[WhiteElo "2626"]
[BlackElo "2288"]
[Annotator "TA"]
[PlyCount "97"]
[EventDate "2018.08.17"]
[EventType "swiss"]
[EventCountry "ESP"]
[SourceTitle "playchess.com"]
[Source "ChessBase"]
[SourceQuality "1"]

{[%evp 23,97,28,36,-10,-6,-6,-20,-18,-11,-3,2,-28,3,14,62,17,41,0,2,-7,-12,-3,0,-20,0,0,0,8,43,0,83,85,57,50,60,0,0,0,0,0,0,0,0,0,0,0,0,-160,0,0,0,0,0,0,0,0,0,0,600,600,531,537,515,514,393,355,600,602,602,595,641,641,889,849,5062,5062]} 1. e4 c5 2. Nf3 Nc6 3. d4 cxd4 4. Nxd4 e5 5. Nb5 {[%cal Bd4b5,Bb5a3,Ba3c4][%mdl 32]} d6 6. N1c3 a6 7. Na3 Be7 8. Nc4 b5 {B32: Sicilian: Löwenthal and Kalashnikov Variations} 9. Ne3 Nf6 10. g3 (10. a3 O-O 11. g3 Nd4 12. Bg2 Be6 13. O-O a5 14. Ne2 Nxe2+ 15. Qxe2 Rb8 16. a4 b4 17. b3 Qb6 18. Bb2 Qc5 19. Kh1 Bd8 20. f4 Bb6 {½-½ (20) Tomczak,J (2583)-Edouard,R (2607) Germany 2018}) 10... O-O 11. Bg2 b4 12. Ncd5 Nxd5 {LiveBook: 87 Games} 13. exd5 Nd4 14. a3 bxa3 15. Rxa3 f5 {[%cal Bf7f5,Bf5f4][%mdl 32]} 16. c3 $146 ({Predecessor:} 16. O-O) 16... Nb5 17. Ra4 f4 18. Nc4 Bf5 19. O-O Bg5 20. Nd2 Bd3 21. Ne4 Bxf1 22. Bxf1 Be7 23. Qg4 {[%cal Rg3f4]} Qe8 24. gxf4 exf4 25. Bxf4 Kh8 26. Bg3 Nc7 (26... h5 $1 $11 {keeps the balance.} 27. Bxb5 axb5 28. Rxa8 hxg4 29. Rxe8 Rxe8) 27. Nxd6 $16 Bxd6 28. Bxd6 Rf6 $1 {[%cal Rf6g6]} 29. Bxc7 ({White should play} 29. Re4 $14 Qf7 30. Bg3) 29... Rg6 $36 {[%mdl 2048] [#] Hoping for ...Qxa4. Black has the initiative.} 30. Bg3 Rxg4 31. Rxg4 Qd7 32. Rd4 a5 33. d6 Re8 34. Rd1 h5 {[%cal Bh7h5,Bh5h4][%mdl 32] Strongly threatening ...h4!} 35. f3 $2 (35. h4 $1 $11) 35... g5 $2 ({Better is} 35... Qf5 $17 36. Rd3 Rd8) 36. Rd5 h4 37. Bb5 Qf7 38. d7 Rd8 $1 ({Much weaker is} 38... Re1+ 39. Bxe1 Qxd5 40. c4 $16) 39. Be5+ Kh7 40. Bd3+ Kh6 $2 {[%mdl 8192]} (40... Kg8 $11 41. Bc4 Kh7 42. Bd3+ Kg8) 41. Rd6+ $18 Kh5 {[#]} 42. Rf6 $1 {[%cal Rf6f7]} Qxf6 43. Bxf6 Rxd7 44. Bf1 Rd2 $2 (44... g4 45. fxg4+ Kxg4) 45. c4 {[%cal Bc3c4,Bc4c5,Bc5c6][%mdl 32] White is clearly winning.} a4 46. h3 Kh6 47. c5 Rc2 48. Bd4 Rd2 49. c6 {Precision: White = 56%, Black = 44%.} 1-0

[Event "XX Sants Open 2018"]
[Site "Cotxeres de Sants"]
[Date "2018.08.18"]
[Round "2"]
[White "Petrov, Nikita"]
[Black "Seresin, Francesco"]
[Result "1-0"]
[WhiteElo "2591"]
[BlackElo "2279"]
[Annotator "TA"]
[PlyCount "57"]
[EventDate "2018.08.17"]
[EventType "swiss"]
[EventCountry "ESP"]
[SourceTitle "playchess.com"]
[Source "ChessBase"]
[SourceQuality "1"]

{[%evp 18,57,18,27,23,11,68,85,89,85,84,62,72,63,73,58,92,87,89,92,106,77,83,83,80,78,159,154,179,193,283,295,393,390,409,370,625,634,633,634,634,634]} 1. Nf3 Nf6 2. d4 g6 3. Bg5 Bg7 4. Nbd2 O-O 5. c3 {[%cal Bc2c3,Bc3c4][%mdl 32]} d5 6. e3 Nbd7 7. Be2 c6 8. O-O Re8 9. c4 {D03: 1 d4 d5 2 Nf3 Nf6 3 Bg5, including Torre Attack with early ...d5} (9. h3 e5 10. Rc1 a5 11. c4 h6 12. Bh4 exd4 13. Nxd4 Nb6 14. cxd5 Nbxd5 15. Nc4 g5 16. Bg3 Ne4 {1-0 (40) Melkumyan,H (2654)-Mikhalevski,V (2535) Minsk 2015}) 9... h6 10. Bh4 {LiveBook: 4 Games} Qb6 11. Qa4 $146 {White has an edge.} ({Predecessor:} 11. cxd5 cxd5 12. Qb3 Qa5 13. Qc3 Qxc3 14. bxc3 Nb8 15. c4 {½-½ (15) Chloupek,S (2340)-Karlik,V (2320) Czechia 1999}) 11... Ne4 (11... g5 $11 12. Bg3 g4) 12. cxd5 $14 Nxd2 13. Nxd2 cxd5 14. Bb5 Qd8 15. Qa3 a6 16. Rac1 $36 {[%mdl 2048] Black is under pressure.} Rb8 17. Be2 b5 18. Nb3 Bb7 19. Na5 Ba8 20. Nc6 Bxc6 21. Rxc6 a5 (21... Rb6 $142 22. Rfc1 Bf6) 22. Rfc1 Rb7 23. Qb3 g5 (23... Nf6 $142 24. Bxb5 Ne4) 24. Bg3 $18 ({Stronger than} 24. Bxb5 gxh4 25. Qxd5 Nf6 $15) 24... e6 25. Bxb5 Qa8 26. Qa4 Rd8 $2 {[#]} (26... Ra7 27. R6c3 Nb6) 27. Ra6 {White is clearly winning.} Ra7 28. Rxa7 Qxa7 29. Rc7 {Precision: White = 83%, Black = 24%.} 1-0

[Event "XX Sants Open 2018"]
[Site "Cotxeres de Sants"]
[Date "2018.08.18"]
[Round "2"]
[White "Cruz, Cristhian"]
[Black "Stijve, Theo"]
[Result "1-0"]
[WhiteElo "2571"]
[BlackElo "2259"]
[Annotator "TA"]
[PlyCount "61"]
[EventDate "2018.08.17"]
[EventType "swiss"]
[EventCountry "ESP"]
[SourceTitle "playchess.com"]
[Source "ChessBase"]
[SourceQuality "1"]

{[%evp 22,61,50,50,45,45,58,63,77,60,58,44,50,52,46,21,18,23,32,42,62,64,70,60,68,68,70,62,116,120,102,100,143,152,543,511,790,772,693,206,29991,29992]} 1. d4 Nf6 2. c4 e6 3. Nc3 d5 4. Nf3 Be7 5. Bg5 O-O 6. e3 Nbd7 7. Rc1 a6 8. cxd5 exd5 9. Bd3 Re8 10. O-O c6 11. Qc2 Nf8 12. h3 {LiveBook: 43 Games} Bd6 {D65: Queen's Gambit Declined: Classical: 7 Rc1 c6 8 Qc2 a6 9 cxd5} 13. Rfe1 Ng6 $146 ({Predecessor:} 13... Be6 14. e4 dxe4 15. Nxe4 Be7 16. Nc5 Qb6 17. a3 Rad8 18. b4 Qc7 19. Rcd1 h6 20. Bc1 {0-1 (36) Sokolov,I (2570)-Vukovic,Z (2065) Cetinje 1991}) 14. e4 {[#] e5 is the strong threat.} dxe4 {White is slightly better.} 15. Nxe4 {Strongly threatening Bxf6.} Be7 16. Bxf6 Bxf6 17. Nxf6+ gxf6 18. Re3 Be6 19. Rce1 Qd7 20. Nd2 {[%cal Bf3d2,Bd2e4,Be4c5][%mdl 32]} Rad8 21. Ne4 $36 {[%mdl 2048] White has the initiative.} Qxd4 22. Nc5 {[#] Black must now prevent Bxg6.} Kg7 23. Nxb7 ({Much weaker is} 23. Nxe6+ $6 Rxe6 24. Rxe6 fxe6 $11) 23... Rb8 24. Bxa6 {Hoping for b3.} Qb6 ({Black should try} 24... Re7 $14) 25. Nc5 $16 {aiming for b3.} Qxb2 26. Qa4 Rb6 {With the idea ...Ra8.} 27. Bc4 {[%cal Rc4e6]} Nf8 $2 (27... Qb4 $16 {is a better chance.}) 28. Bxe6 $18 Nxe6 (28... Ng6 $142 29. Nd3 Qb5) 29. Qg4+ Kh8 30. Rg3 $2 (30. Na4 Qb4 31. Re4) 30... Qb4 $2 (30... Rbb8 $18) 31. Rxe6 {Precision: White = 66%, Black = 38%.} 1-0

[Event "XX Sants Open 2018"]
[Site "Cotxeres de Sants"]
[Date "2018.08.18"]
[Round "2"]
[White "Martinez Alcantara, Jose Eduardo"]
[Black "Noboa, Kevin"]
[Result "1-0"]
[WhiteElo "2561"]
[BlackElo "2256"]
[Annotator "RC"]
[PlyCount "79"]
[EventDate "2018.08.17"]
[EventType "swiss"]
[EventCountry "ESP"]
[SourceTitle "playchess.com"]
[Source "ChessBase"]
[SourceQuality "1"]
[TimeControl "40/5400+30:1800+30"]

1. c4 {[%emt 0:00:00]} e5 {[%emt 0:00:00]} 2. g3 {[%emt 0:00:00]} Nf6 {[%emt 0:00:00]} 3. Bg2 {[%emt 0:00:00]} Bc5 {[%emt 0:00:34]} 4. Nc3 {[%emt 0:00:00]} Nc6 {[%emt 0:01:29]} 5. e3 {[%emt 0:00:26]} d6 {[%emt 0:02:08]} 6. Nge2 {[%emt 0:00:27]} a6 {[%emt 0:00:23]} 7. h3 {[%emt 0:00:26]} Ba7 {[%emt 0:00:44]} 8. O-O {[%emt 0:02:48]} O-O {[%emt 0:00:30]} 9. b3 {[%emt 0:00:57]} Bd7 {[%emt 0:04:59]} 10. Bb2 {[%emt 0:00:18]} Rb8 {[%emt 0:01:02]} 11. Rc1 {[%emt 0:00:05]} Ne7 {[%emt 0:10:31]} 12. d3 {[%emt 0:04:17]} Ng6 {[%emt 0:18:23]} 13. Qd2 {[%emt 0:01:55]} Re8 {[%emt 0:11:19]} 14. Ne4 {[%emt 0:04:59]} Nh5 {[%emt 0:09:12]} 15. N4c3 {[%emt 0:09:53]} b5 {[%emt 0:06:28]} 16. Nd5 {[%emt 0:02:01]} c6 {[%emt 0:13:55]} 17. Nb4 {[%emt 0:01:56]} Qa5 {[%emt 0:00:11]} 18. Rfd1 {[%emt 0:05:03]} Ne7 {[%emt 0:03:23]} 19. g4 {[%emt 0:11:55]} bxc4 {[%emt 0:04:12]} 20. Bc3 {[%emt 0:00:26]} Qd8 {[%emt 0:03:08]} 21. dxc4 {[%emt 0:01:11]} Nf6 {[%emt 0:07:18]} 22. Qxd6 {[%emt 0:00:37]} Qc8 {[%emt 0:00:39]} 23. Nd3 {[%emt 0:00:49]} Ng6 {[%emt 0:00:31]} 24. Nxe5 {[%emt 0:02:43]} Re6 {[%emt 0:00:19]} 25. Nxg6 {[%emt 0:00:07]} hxg6 {[%emt 0:00:39]} 26. Qd3 {[%emt 0:00:13]} Re7 {[%emt 0:00:29]} 27. Ng3 {[%emt 0:00:56]} Be6 {[%emt 0:00:30]} 28. Bxf6 {[%emt 0:00:23]} gxf6 {[%emt 0:00:27]} 29. Ne4 {[%emt 0:00:04]} f5 {[%emt 0:00:29]} 30. Nf6+ {[%emt 0:00:07]} Kf8 {[%emt 0:00:24]} 31. Qc3 {[%emt 0:00:22]} Rc7 {[%emt 0:00:41]} 32. Qe5 {[%emt 0:01:07]} fxg4 {[%emt 0:00:25]} 33. hxg4 {[%emt 0:00:07]} Bb6 {[%emt 0:00:31]} 34. g5 {[%emt 0:00:27]} a5 {[%emt 0:00:32]} 35. Qh2 {[%emt 0:00:17]} Bc5 {[%emt 0:00:32]} 36. Ne4 {[%emt 0:00:15]} Ba3 {[%emt 0:00:31]} 37. Nd6 {[%emt 0:01:32]} Bxd6 {[%emt 0:00:27]} 38. Rxd6 {[%emt 0:00:05]} Ke7 {[%emt 0:00:33]} 39. Rcd1 {[%emt 0:00:09]} a4 {[%emt 0:00:30]} 40. Qe5 {[%emt 0:00:00]} 1-0

[Event "XX Sants Open 2018"]
[Site "Cotxeres de Sants"]
[Date "2018.08.18"]
[Round "2"]
[White "Narciso Dublan, Marc"]
[Black "Cumming, Rhys"]
[Result "1-0"]
[WhiteElo "2483"]
[BlackElo "2223"]
[Annotator "TA"]
[PlyCount "63"]
[EventDate "2018.08.17"]
[EventType "swiss"]
[EventCountry "ESP"]
[SourceTitle "playchess.com"]
[Source "ChessBase"]
[SourceQuality "1"]

{[%evp 14,63,7,7,1,-9,2,-13,33,0,29,14,16,18,39,28,23,42,57,30,53,13,84,54,39,54,38,46,77,67,152,87,79,76,106,98,91,55,55,66,57,60,130,119,493,500,490,483,617,615,600,562]} 1. d4 Nf6 2. Bg5 d5 3. e3 c5 4. Bxf6 gxf6 5. dxc5 Nc6 6. c3 {D00: Damenbauernspiele} (6. Nf3 e5 7. Nc3 Be6 8. Na4 Qa5+ 9. c3 b5 10. cxb6 axb6 11. b4 Nxb4 12. Nd2 Nc6 13. Qb3 Qxa4 14. Qxa4 Rxa4 {0-1 (32) Moiseenko,A (2667)-Karjakin,S (2760) Riadh 2017}) 6... e6 7. b4 a5 8. Bb5 {LiveBook: 5 Partien. Die Stellung ist ausgeglichen.} Bg7 9. a3 f5 $146 ({Vorgänger:} 9... O-O 10. Bxc6 bxc6 11. Ne2 f5 12. Ra2 Qf6 13. O-O {1-0 (54) Flom,G (2501)-Milliet,S (2391) Brest 2018}) 10. Ra2 Bd7 11. Nf3 O-O {Droht ...Sxb4 und aus.} 12. Bxc6 Bxc6 13. Nd4 Qd7 14. f4 b6 15. cxb6 Rfb8 16. O-O Rxb6 {[%cal Bb8b6,Bb6a6,Ba6a1][%mdl 32]} 17. Rb2 Kh8 (17... Bb5 $11 {hält das Gleichgewicht.}) 18. Nd2 axb4 19. axb4 Bb5 {Und ...Lxd4 würde nun gewinnen.} 20. Rf2 Rba6 21. N2b3 Ba4 {[#]} (21... Ra3 $14) 22. h3 (22. Nc5 $142 $1) 22... Qc7 23. Qd3 Bxb3 24. Rxb3 Ra1+ 25. Kh2 Qc4 $1 {[%cal Rc4d3]} 26. Qxc4 dxc4 27. Rbb2 Rc1 {[#]} (27... Bxd4 $14 28. exd4 Kg7) 28. Rfc2 $1 $16 {[%cal Rc2c1]} Raa1 $2 {[%mdl 8192]} (28... Rxc2 $16 {leistet mehr Widerstand.} 29. Rxc2 Bxd4 30. exd4 (30. cxd4 Ra3 $16) 30... Kg7) 29. Rxc1 $18 {Weiß steht klar auf Gewinn.} Rxc1 30. b5 Bxd4 31. exd4 Ra1 32. Rb4 {Precision: Weiß = 55%, Schwarz = 38%.} 1-0